000 00796cam a2200277 4500
999 _c4327
_d4327
001 21162
003 GBCCL
005 20241126110516.0
008 740910s1974 ilu b 000 0 eng
010 _a 74080149 //r90
020 _a0842348158
_a0842348166 (pbk.)
035 _a(OCoLC)01054487
040 _aDLC
_cDLC
049 _aLBBK
050 0 0 _aBS2825.3
_b.K55
082 0 0 _a228.07
_bKIN
092 _a228.1
_bK51
100 1 _aKincheloe, Raymond McFarland.
_98160
245 1 2 _aA personal adventure in prophecy;
_bunderstanding Revelation.
260 _aWheaton, Ill.,
_bTyndale House Publishers
_c[1974]
300 _ax, 214 p.
_c22 cm.
350 _a$4.95
504 _aBibliography: p. 205-214.
630 0 0 _aBible.
_pN.T.
_pRevelation
_xCommentaries.
_98161
942 _2ddc
_cBK
_02